00654nam a2200157Ia 4500008004100000040001800041041000800059100002400067245012900091260011200220300002100332504004300353650004200396650004000438700001800478130821s1973 xxu gr eng  aCo-BoUCMbspa00aeng1 aDonelan, Michael D.10aInternational disputes case histories, 1945-1970cM. D. Donelan y M. J. Grieve, asistidos por P. C. Fielder y H. R. Warning aNueva York (Estados Unidos)bPublished for David Davies Memorial Institute of International Studiesc[1973] ax, 286 páginas aIncludes referencias bibliográficas.04aConflictos internacionalesy1945-198904aPolítica internacionaly1945-19891 aGrieve, M. J.